Presidents by Middle Initial - Statistics

General Stats
  • This quiz has been taken 42 times
  • The average score is 25 of 30
Answer Stats
First Middle Last % Correct
John F Kennedy
97%
Lyndon B Johnson
95%
Ulysses S Grant
95%
George W Bush
95%
Rutherford B Hayes
92%
Franklin D Roosevelt
92%
Harry S Truman
92%
Stephen G Cleveland
89%
Stephen G Cleveland
89%
Donald J Trump
89%
Donald J Trump
89%
Thomas W Wilson
89%
Chester A Arthur
86%
John C Coolidge
86%
Dwight D Eisenhower
86%
William H Taft
86%
George HW Bush
86%
James K Polk
86%
John Q Adams
86%
Warren G Harding
84%
William H Harrison
84%
Barack H Obama
81%
James A Garfield
78%
Richard M Nixon
76%
Gerald R Ford
70%
Joe R Biden
70%
Bill J Clinton
68%
James E Carter
57%
Ronald W Reagan
49%
Herbert C Hoover
46%
No matching quizzes found
Score Distribution
Percent of People with Each Score
Percentile by Number Answered
Your Score History
You have not taken this quiz